[Event "DVM U16 2018"]
[Site "Aurich GER"]
[Date "2018.12.27"]
[Round "2"]
[White "Meier, Marlon"]
[Black "Schneider, Jana"]
[Result "0-1"]
[Termination "normal"]
[Board "10.1"]
[BlackTitle "FM"]
[WhiteElo "1935"]
[BlackElo "2213"]
[WhiteTeam "SK Gernsbach"]
[BlackTeam "Spvgg 1946 Stetten"]
[PlyCount "50"]
[WhiteFideId "16238788"]
[BlackFideId "12924997"]
[EventCountry "GER"]
[EventRounds "7"]
[EventType "team-swiss"]
[EventDate "2018.12.26"]

1. e4 e5 2. Nf3 Nc6 3. Bc4 Bc5 4. c3 Nf6 5. d4 exd4 6. cxd4 Bb4 7. Nbd2 Nxe4 8.
d5 Ne7 9. O-O Nxd2 10. Bxd2 Bxd2 11. d6 cxd6 12. Qxd2 O-O 13. Qxd6 Nf5 14. Qf4
d5 15. Rad1 Ne7 16. Rfe1 Be6 17. Ng5 Qd7 18. Bb3 h6 19. Nf3 Rad8 20. Ne5 Qd6
21. Rd3 f6 22. Rg3 fxe5 23. Qxh6 Nf5 24. Rxg7 Nxg7 25. Bc2 Bf5 0-1

[Event "DVM U16 2018"]
[Site "Aurich GER"]
[Date "2018.12.27"]
[Round "2"]
[White "Roth, Jakob"]
[Black "Brüstle, William"]
[Result "1-0"]
[Termination "normal"]
[Board "10.2"]
[WhiteElo "1883"]
[BlackElo "1416"]
[WhiteTeam "Spvgg 1946 Stetten"]
[BlackTeam "SK Gernsbach"]
[PlyCount "51"]
[WhiteFideId "12952605"]
[BlackFideId "16260236"]
[EventCountry "GER"]
[EventRounds "7"]
[EventType "team-swiss"]
[EventDate "2018.12.26"]

1. d4 d5 2. c4 e6 3. Nc3 c5 4. cxd5 exd5 5. Nf3 Nf6 6. Bg5 Be6 7. e3 Nbd7 8.
Bd3 Be7 9. O-O O-O 10. Rc1 Bg4 11. h3 Bh5 12. g4 Bg6 13. Bxg6 fxg6 14. dxc5
Nxc5 15. Bxf6 Rxf6 16. Nxd5 Rf8 17. Nxe7 Qxe7 18. Qd5 Ne6 19. Nd4 Rf6 20. g5
Re8 21. gxf6 Qxf6 22. Nxe6 Rxe6 23. Rc8 Kf7 24. Qxb7 Re7 25. Qd5 Re6 26. Rc6 
1-0

[Event "DVM U16 2018"]
[Site "Aurich GER"]
[Date "2018.12.27"]
[Round "2"]
[White "Ganjali, Aska"]
[Black "Roth, Ludwig"]
[Result "0-1"]
[Termination "normal"]
[Board "10.3"]
[WhiteElo "1290"]
[BlackElo "1615"]
[WhiteTeam "SK Gernsbach"]
[BlackTeam "Spvgg 1946 Stetten"]
[PlyCount "70"]
[WhiteFideId "16260201"]
[BlackFideId "12952621"]
[EventCountry "GER"]
[EventRounds "7"]
[EventType "team-swiss"]
[EventDate "2018.12.26"]

1. e4 d6 2. d4 Nf6 3. Nc3 g6 4. Nf3 Bg7 5. Be3 O-O 6. Bd3 Nc6 7. O-O e5 8. dxe5
Nxe5 9. Nxe5 dxe5 10. h3 c6 11. Qd2 Be6 12. Bh6 Qc7 13. Bxg7 Kxg7 14. Qe3 Nh5
15. Ne2 c5 16. c3 Rad8 17. f4 exf4 18. Nxf4 Nxf4 19. Rxf4 Rxd3 20. Rxf7 Qxf7
21. Qxd3 Qf2 22. Kh1 Rf7 23. b3 a6 24. c4 Rd7 25. Qc3 Qd4 26. Qxd4 cxd4 27. Rd1
Kf6 28. Kg1 Ke5 29. Kf2 Kxe4 30. Ke2 d3 31. Kd2 Kd4 32. Rf1 Rf7 33. Rxf7 Bxf7
34. h4 h5 35. g3 Be6 0-1

[Event "DVM U16 2018"]
[Site "Aurich GER"]
[Date "2018.12.27"]
[Round "2"]
[White "Steiner, Noah"]
[Black "Koch, Christoph"]
[Result "1-0"]
[Termination "normal"]
[Board "10.4"]
[WhiteElo "1407"]
[BlackElo "1103"]
[WhiteTeam "Spvgg 1946 Stetten"]
[BlackTeam "SK Gernsbach"]
[PlyCount "97"]
[WhiteFideId "16260830"]
[BlackFideId "16274865"]
[EventCountry "GER"]
[EventRounds "7"]
[EventType "team-swiss"]
[EventDate "2018.12.26"]

1. e4 e5 2. Nf3 Nc6 3. d4 exd4 4. Nxd4 Nxd4 5. Qxd4 d6 6. Nc3 Be7 7. Qxg7 Bf6
8. Qg3 Bxc3+ 9. Qxc3 Nf6 10. Bg5 Rf8 11. Bxf6 Qd7 12. e5 Qe6 13. Bc4 d5 14. Bb3
c6 15. O-O-O b6 16. f4 Bb7 17. h3 h5 18. Qf3 h4 19. Bxh4 Rh8 20. f5 Qh6+ 21.
Kb1 Qxh4 22. e6 fxe6 23. fxe6 O-O-O 24. Rde1 Rde8 25. Qf7 Re7 26. Qg6 Kc7 27.
g3 Qb4 28. Qf6 Rhh7 29. g4 Bc8 30. c3 Qd6 31. Bc2 Rhg7 32. Bf5 Rg8 33. h4 Rge8
34. h5 Bxe6 35. Bxe6 Rxe6 36. Rxe6 Rxe6 37. Qf7+ Re7 38. Qf5 Re5 39. Qf3 Re7
40. h6 b5 41. h7 Qg6+ 42. Qf5 Qxf5+ 43. gxf5 Re8 44. h8=Q Rxh8 45. Rxh8 b4 46.
cxb4 d4 47. f6 d3 48. f7 d2 49. Rh1 1-0

[Event "DVM U16 2018"]
[Site "Aurich GER"]
[Date "2018.12.28"]
[Round "4"]
[White "Post, Hugo"]
[Black "Köllner, Ruben Gideon"]
[Result "1/2-1/2"]
[Termination "normal"]
[Board "1.1"]
[WhiteElo "2104"]
[BlackElo "2242"]
[WhiteClock "00:05:50"]
[BlackClock "00:07:56"]
[WhiteTeam "Reideburger SV 90 Halle"]
[BlackTeam "SG Bochum"]
[PlyCount "115"]
[WhiteFideId "12962490"]
[BlackFideId "12993093"]
[EventCountry "GER"]
[EventRounds "7"]
[EventType "team-swiss"]
[EventDate "2018.12.26"]

1. e4 {[%clk 01:30:52]} {[%emt 00:00:07]} e5 {[%clk 01:30:55]} {[%emt
00:00:05]} 2. Nf3 {[%clk 01:31:15]} {[%emt 00:00:07]} Nc6 {[%clk 01:31:21]}
{[%emt 00:00:04]} 3. Bb5 {[%clk 01:31:36]} {[%emt 00:00:09]} Bc5 {[%clk
01:31:39]} {[%emt 00:00:11]} 4. c3 {[%clk 01:31:27]} {[%emt 00:00:40]} f5
{[%clk 01:31:46]} {[%emt 00:00:23]} 5. d4 {[%clk 01:31:03]} {[%emt 00:00:53]}
fxe4 {[%clk 01:32:09]} {[%emt 00:00:08]} 6. Bxc6 {[%clk 01:31:22]} {[%emt
00:00:11]} dxc6 {[%clk 01:32:26]} {[%emt 00:00:12]} 7. Nxe5 {[%clk 01:31:47]}
{[%emt 00:00:06]} Bd6 {[%clk 01:32:46]} {[%emt 00:00:10]} 8. Qh5+ {[%clk
01:32:06]} {[%emt 00:00:11]} g6 {[%clk 01:33:09]} {[%emt 00:00:07]} 9. Qe2
{[%clk 01:32:28]} {[%emt 00:00:08]} Bf5 {[%clk 01:33:26]} {[%emt 00:00:13]} 10.
h3 {[%clk 01:32:45]} {[%emt 00:00:13]} Nf6 {[%clk 01:23:34]} {[%emt 00:10:22]}
11. Bf4 {[%clk 01:32:08]} {[%emt 00:01:07]} Qe7 {[%clk 01:23:58]} {[%emt
00:00:06]} 12. Nd2 {[%clk 01:32:30]} {[%emt 00:00:08]} O-O-O {[%clk 01:24:15]}
{[%emt 00:00:14]} 13. O-O {[%clk 01:32:38]} {[%emt 00:00:22]} c5 {[%clk
01:22:55]} {[%emt 00:01:49]} 14. Ndc4 {[%clk 01:21:56]} {[%emt 00:11:11]} Nd5
{[%clk 01:16:07]} {[%emt 00:07:19]} 15. Bh2 {[%clk 01:21:08]} {[%emt 00:01:18]}
cxd4 {[%clk 01:15:53]} {[%emt 00:00:43]} 16. cxd4 {[%clk 01:20:49]} {[%emt
00:00:49]} g5 {[%clk 01:15:00]} {[%emt 00:01:24]} 17. f3 {[%clk 01:14:24]}
{[%emt 00:06:56]} exf3 {[%clk 01:10:53]} {[%emt 00:04:36]} 18. Qxf3 {[%clk
01:14:36]} {[%emt 00:00:18]} Be6 {[%clk 01:09:13]} {[%emt 00:02:09]} 19. Nxd6+
{[%clk 01:10:33]} {[%emt 00:04:34]} cxd6 {[%clk 01:02:07]} {[%emt 00:07:36]}
20. Nc4 {[%clk 01:05:28]} {[%emt 00:05:35]} Nf4 {[%clk 00:58:47]} {[%emt
00:03:50]} 21. Bxf4 {[%clk 01:03:25]} {[%emt 00:02:33]} Bxc4 {[%clk 00:58:32]}
{[%emt 00:00:44]} 22. Qg4+ {[%clk 00:35:37]} {[%emt 00:28:19]} Qd7 {[%clk
00:51:34]} {[%emt 00:07:25]} 23. Rac1 {[%clk 00:32:17]} {[%emt 00:03:52]} Qxg4
{[%clk 00:49:22]} {[%emt 00:02:43]} 24. Rxc4+ {[%clk 00:32:44]} {[%emt
00:00:03]} Kb8 {[%clk 00:35:03]} {[%emt 00:14:48]} 25. hxg4 {[%clk 00:33:09]}
{[%emt 00:00:06]} gxf4 {[%clk 00:35:27]} {[%emt 00:00:06]} 26. Rxf4 {[%clk
00:33:34]} {[%emt 00:00:06]} Rhf8 {[%clk 00:35:34]} {[%emt 00:00:21]} 27. d5
{[%clk 00:32:30]} {[%emt 00:01:35]} Rxf4 {[%clk 00:34:22]} {[%emt 00:01:42]}
28. Rxf4 {[%clk 00:32:55]} {[%emt 00:00:05]} Rg8 {[%clk 00:27:41]} {[%emt
00:07:10]} 29. Kh2 {[%clk 00:15:48]} {[%emt 00:17:38]} Rg5 {[%clk 00:16:43]}
{[%emt 00:11:27]} 30. Rf8+ {[%clk 00:07:52]} {[%emt 00:08:27]} Kc7 {[%clk
00:17:04]} {[%emt 00:00:09]} 31. Rf7+ {[%clk 00:08:20]} {[%emt 00:00:03]} Kb6
{[%clk 00:16:40]} {[%emt 00:00:53]} 32. Rxh7 {[%clk 00:08:36]} {[%emt
00:00:14]} Rxg4 {[%clk 00:15:19]} {[%emt 00:01:51]} 33. Rd7 {[%clk 00:05:42]}
{[%emt 00:03:25]} Rg5 {[%clk 00:14:27]} {[%emt 00:01:22]} 34. Rxd6+ {[%clk
00:06:07]} {[%emt 00:00:05]} Kc7 {[%clk 00:14:49]} {[%emt 00:00:06]} 35. Re6
{[%clk 00:06:12]} {[%emt 00:00:27]} Rxd5 {[%clk 00:15:05]} {[%emt 00:00:13]}
36. Re2 {[%clk 00:06:33]} {[%emt 00:00:10]} Rh5+ {[%clk 00:09:36]} {[%emt
00:05:58]} 37. Kg3 {[%clk 00:04:58]} {[%emt 00:02:05]} Rh8 {[%clk 00:08:20]}
{[%emt 00:01:46]} 38. Rd2 {[%clk 00:04:26]} {[%emt 00:01:02]} Kc6 {[%clk
00:08:00]} {[%emt 00:00:50]} 39. Rd3 {[%clk 00:02:15]} {[%emt 00:02:40]} Kc5
{[%clk 00:03:31]} {[%emt 00:04:59]} 40. Kf2 {[%clk 00:02:15]} {[%emt 00:00:31]}
b5 {[%clk 00:03:07]} {[%emt 00:00:54]} 41. Ra3 {[%clk 00:22:56]} {[%emt
00:10:19]} Kb6 {[%clk 00:21:39]} {[%emt 00:12:29]} 42. Rc3 {[%clk 00:23:03]}
{[%emt 00:00:23]} a5 {[%clk 00:20:01]} {[%emt 00:02:08]} 43. Kg1 {[%clk
00:19:43]} {[%emt 00:03:50]} Rd8 {[%clk 00:16:20]} {[%emt 00:04:09]} 44. Rf3
{[%clk 00:15:46]} {[%emt 00:04:29]} Rg8 {[%clk 00:13:27]} {[%emt 00:03:23]} 45.
g3 {[%clk 00:16:09]} {[%emt 00:00:08]} b4 {[%clk 00:13:27]} {[%emt 00:00:29]}
46. Kg2 {[%clk 00:16:19]} {[%emt 00:00:20]} a4 {[%clk 00:10:20]} {[%emt
00:03:37]} 47. Rf4 {[%clk 00:15:56]} {[%emt 00:00:53]} Kc5 {[%clk 00:09:52]}
{[%emt 00:00:57]} 48. g4 {[%clk 00:13:44]} {[%emt 00:02:43]} a3 {[%clk
00:10:14]} {[%emt 00:00:08]} 49. b3 {[%clk 00:09:53]} {[%emt 00:04:20]} Rd8
{[%clk 00:08:31]} {[%emt 00:02:13]} 50. Kg3 {[%clk 00:06:20]} {[%emt 00:04:03]}
Rd1 {[%clk 00:08:32]} {[%emt 00:00:30]} 51. Rc4+ {[%clk 00:05:36]} {[%emt
00:01:14]} Kd5 {[%clk 00:07:12]} {[%emt 00:01:50]} 52. Rxb4 {[%clk 00:04:49]}
{[%emt 00:01:18]} Rd2 {[%clk 00:07:14]} {[%emt 00:00:25]} 53. Ra4 {[%clk
00:05:03]} {[%emt 00:00:18]} Rxa2 {[%clk 00:07:38]} {[%emt 00:00:06]} 54. g5
{[%clk 00:04:52]} {[%emt 00:00:42]} Ra1 {[%clk 00:07:51]} {[%emt 00:00:15]} 55.
Kg2 {[%clk 00:05:18]} {[%emt 00:00:04]} Ke6 {[%clk 00:07:26]} {[%emt 00:00:53]}
56. g6 {[%clk 00:05:34]} {[%emt 00:00:17]} Kf6 {[%clk 00:07:34]} {[%emt
00:00:20]} 57. Ra6+ {[%clk 00:05:50]} {[%emt 00:00:16]} Kg7 {[%clk 00:07:56]}
{[%emt 00:00:07]} 58. b4 {[%emt 00:00:53]} 1/2-1/2

[Event "DVM U16 2018"]
[Site "Aurich GER"]
[Date "2018.12.28"]
[Round "4"]
[White "Biermann, Lenhard"]
[Black "Dietz, Florian"]
[Result "0-1"]
[Termination "normal"]
[Board "1.2"]
[WhiteElo "2108"]
[BlackElo "2049"]
[WhiteClock "00:04:56"]
[BlackClock "00:15:33"]
[WhiteTeam "SG Bochum"]
[BlackTeam "Reideburger SV 90 Halle"]
[PlyCount "60"]
[WhiteFideId "12970077"]
[BlackFideId "12939897"]
[EventCountry "GER"]
[EventRounds "7"]
[EventType "team-swiss"]
[EventDate "2018.12.26"]

1. d4 {[%clk 01:30:57]} {[%emt 00:00:03]} Nf6 {[%clk 01:30:49]} {[%emt
00:00:12]} 2. Nf3 {[%clk 01:31:23]} {[%emt 00:00:04]} e6 {[%clk 01:31:11]}
{[%emt 00:00:08]} 3. c4 {[%clk 01:31:44]} {[%emt 00:00:08]} b6 {[%clk
01:31:05]} {[%emt 00:00:36]} 4. a3 {[%clk 01:32:08]} {[%emt 00:00:06]} Ba6
{[%clk 01:28:31]} {[%emt 00:03:04]} 5. Qb3 {[%clk 01:32:32]} {[%emt 00:00:06]}
Be7 {[%clk 01:25:51]} {[%emt 00:03:10]} 6. Nc3 {[%clk 01:30:46]} {[%emt
00:02:16]} O-O {[%clk 01:25:11]} {[%emt 00:01:11]} 7. e4 {[%clk 01:30:01]}
{[%emt 00:01:14]} c5 {[%clk 01:24:44]} {[%emt 00:00:58]} 8. d5 {[%clk
01:28:21]} {[%emt 00:02:10]} d6 {[%clk 01:18:49]} {[%emt 00:06:25]} 9. Bd3
{[%clk 01:25:38]} {[%emt 00:03:12]} Nbd7 {[%clk 01:15:49]} {[%emt 00:03:30]}
10. O-O {[%clk 01:16:56]} {[%emt 00:09:11]} Re8 {[%clk 01:12:50]} {[%emt
00:03:30]} 11. h3 {[%clk 01:13:52]} {[%emt 00:03:34]} Nf8 {[%clk 01:12:00]}
{[%emt 00:01:20]} 12. Bf4 {[%clk 01:04:13]} {[%emt 00:10:09]} Ng6 {[%clk
01:10:38]} {[%emt 00:01:52]} 13. Bh2 {[%clk 01:04:15]} {[%emt 00:00:28]} Bf8
{[%clk 00:56:39]} {[%emt 00:14:30]} 14. Qc2 {[%clk 00:58:53]} {[%emt 00:05:52]}
e5 {[%clk 00:48:47]} {[%emt 00:08:22]} 15. Rfe1 {[%clk 00:49:50]} {[%emt
00:09:32]} Nh5 {[%clk 00:46:26]} {[%emt 00:02:51]} 16. Ne2 {[%clk 00:44:14]}
{[%emt 00:06:06]} Nh4 {[%clk 00:42:59]} {[%emt 00:03:57]} 17. Nxh4 {[%clk
00:36:08]} {[%emt 00:08:37]} Qxh4 {[%clk 00:43:20]} {[%emt 00:00:09]} 18. Ng3
{[%clk 00:35:59]} {[%emt 00:00:39]} Nf4 {[%clk 00:40:42]} {[%emt 00:03:07]} 19.
Nf5 {[%clk 00:35:35]} {[%emt 00:00:54]} Qg5 {[%clk 00:40:43]} {[%emt 00:00:29]}
20. Bxf4 {[%clk 00:34:56]} {[%emt 00:01:09]} exf4 {[%clk 00:38:29]} {[%emt
00:02:44]} 21. Qa4 {[%clk 00:35:00]} {[%emt 00:00:26]} g6 {[%clk 00:31:15]}
{[%emt 00:07:45]} 22. Qxa6 {[%clk 00:31:47]} {[%emt 00:03:43]} gxf5 {[%clk
00:31:32]} {[%emt 00:00:13]} 23. Qa4 {[%clk 00:29:07]} {[%emt 00:03:10]} f3
{[%clk 00:30:39]} {[%emt 00:01:23]} 24. Bf1 {[%clk 00:27:36]} {[%emt 00:01:59]}
fxe4 {[%clk 00:29:48]} {[%emt 00:01:22]} 25. Re3 {[%clk 00:26:51]} {[%emt
00:01:15]} f5 {[%clk 00:27:13]} {[%emt 00:03:05]} 26. Rae1 {[%clk 00:26:52]}
{[%emt 00:00:29]} Re7 {[%clk 00:25:13]} {[%emt 00:02:30]} 27. Qc6 {[%clk
00:15:59]} {[%emt 00:11:24]} Rae8 {[%clk 00:21:05]} {[%emt 00:04:38]} 28. Qxd6
{[%clk 00:14:02]} {[%emt 00:02:26]} f4 {[%clk 00:20:57]} {[%emt 00:00:38]} 29.
Rb3 {[%clk 00:13:30]} {[%emt 00:01:03]} e3 {[%clk 00:17:57]} {[%emt 00:03:30]}
30. Kh1 {[%clk 00:04:56]} {[%emt 00:09:04]} Rg7 {[%clk 00:15:33]} {[%emt
00:02:53]} 0-1

[Event "DVM U16 2018"]
[Site "Aurich GER"]
[Date "2018.12.28"]
[Round "4"]
[White "Henning, Marvin"]
[Black "Biermann, Florian"]
[Result "0-1"]
[Termination "normal"]
[Board "1.3"]
[WhiteElo "1988"]
[BlackElo "2054"]
[WhiteClock "00:02:15"]
[BlackClock "00:03:15"]
[WhiteTeam "Reideburger SV 90 Halle"]
[BlackTeam "SG Bochum"]
[PlyCount "114"]
[WhiteFideId "12957399"]
[BlackFideId "12970069"]
[EventCountry "GER"]
[EventRounds "7"]
[EventType "team-swiss"]
[EventDate "2018.12.26"]

1. e4 {[%clk 01:30:58]} c5 {[%clk 01:30:53]} {[%emt 00:00:08]} 2. Nc3 {[%clk
01:31:23]} Nc6 {[%clk 01:30:19]} {[%emt 00:01:10]} 3. f4 {[%clk 01:31:48]} g6
{[%clk 01:30:32]} {[%emt 00:00:22]} 4. Nf3 {[%clk 01:32:13]} Bg7 {[%clk
01:30:57]} {[%emt 00:00:10]} 5. Bb5 {[%clk 01:32:38]} Nd4 {[%clk 01:31:19]}
{[%emt 00:00:12]} 6. a4 {[%clk 01:33:04]} a6 {[%clk 01:28:51]} {[%emt
00:03:02]} 7. Bc4 {[%clk 01:33:28]} e6 {[%clk 01:29:15]} {[%emt 00:00:12]} 8.
O-O {[%emt 00:00:25]} Ne7 9. e5 {[%clk 01:34:15]} d5 {[%clk 01:29:25]} {[%emt
00:00:38]} 10. exd6 {[%clk 01:34:40]} {[%emt 00:00:06]} Nef5 {[%clk 01:29:16]}
{[%emt 00:00:39]} 11. Ne4 {[%clk 01:32:48]} {[%emt 00:02:22]} Nxd6 {[%clk
01:28:07]} {[%emt 00:01:39]} 12. Nxd6+ {[%clk 01:33:04]} {[%emt 00:00:14]} Qxd6
{[%clk 01:28:30]} {[%emt 00:00:07]} 13. c3 {[%clk 01:33:18]} {[%emt 00:00:16]}
Nc6 {[%clk 01:27:35]} {[%emt 00:01:24]} 14. d3 {[%clk 01:33:29]} {[%emt
00:00:20]} O-O {[%clk 01:24:34]} {[%emt 00:03:30]} 15. Qe2 {[%clk 01:30:27]}
{[%emt 00:03:33]} Rb8 {[%clk 01:20:42]} {[%emt 00:04:20]} 16. Be3 {[%clk
01:22:51]} {[%emt 00:08:07]} b5 {[%clk 01:17:30]} {[%emt 00:03:42]} 17. axb5
{[%clk 01:20:14]} {[%emt 00:03:07]} axb5 {[%clk 01:17:54]} {[%emt 00:00:06]}
18. Ba2 {[%clk 01:16:51]} {[%emt 00:03:53]} b4 {[%clk 01:11:14]} {[%emt
00:07:11]} 19. Nd2 {[%clk 01:12:17]} {[%emt 00:05:04]} bxc3 {[%clk 01:06:09]}
{[%emt 00:05:35]} 20. bxc3 {[%clk 01:11:53]} {[%emt 00:00:54]} Ba6 {[%clk
00:56:42]} {[%emt 00:09:56]} 21. Bc4 {[%clk 01:09:47]} {[%emt 00:02:36]} Bxc4
{[%clk 00:55:11]} {[%emt 00:02:02]} 22. Nxc4 {[%clk 01:10:12]} {[%emt
00:00:04]} Qd5 {[%clk 00:55:00]} {[%emt 00:00:41]} 23. Qc2 {[%clk 01:03:47]}
{[%emt 00:06:56]} Rfd8 {[%clk 00:53:09]} {[%emt 00:02:21]} 24. Rfd1 {[%clk
01:03:02]} {[%emt 00:01:14]} Qf5 {[%clk 00:22:37]} {[%emt 00:31:03]} 25. g3
{[%clk 00:47:15]} {[%emt 00:16:16]} h5 {[%clk 00:21:26]} {[%emt 00:01:42]} 26.
Rd2 {[%clk 00:39:23]} {[%emt 00:08:22]} Rb5 {[%clk 00:19:48]} {[%emt 00:02:08]}
27. Ra6 {[%clk 00:31:50]} {[%emt 00:08:02]} Qd5 {[%clk 00:19:32]} {[%emt
00:00:46]} 28. Rd1 {[%clk 00:29:51]} {[%emt 00:02:29]} Rdb8 {[%clk 00:18:13]}
{[%emt 00:01:49]} 29. Ra3 {[%clk 00:23:03]} {[%emt 00:07:18]} Ne7 {[%clk
00:16:56]} {[%emt 00:01:47]} 30. Bc1 {[%clk 00:19:36]} {[%emt 00:03:57]} h4
{[%clk 00:15:00]} {[%emt 00:02:27]} 31. Qg2 {[%clk 00:18:57]} {[%emt 00:01:09]}
hxg3 {[%clk 00:14:15]} {[%emt 00:01:16]} 32. hxg3 {[%clk 00:19:11]} {[%emt
00:00:15]} Rb1 {[%clk 00:12:22]} {[%emt 00:02:22]} 33. Ne3 {[%clk 00:16:34]}
{[%emt 00:03:08]} Qd7 {[%clk 00:10:59]} {[%emt 00:01:51]} 34. Qa2 {[%clk
00:14:52]} {[%emt 00:02:14]} Qc6 {[%emt 00:04:28]} 35. Qg2 {[%clk 00:13:26]}
{[%emt 00:00:01]} Qb5 {[%clk 00:07:54]} {[%emt 00:01:32]} 36. Qc2 {[%clk
00:13:11]} {[%emt 00:00:45]} Nf5 {[%clk 00:07:00]} {[%emt 00:01:24]} 37. Nf1
{[%clk 00:11:40]} {[%emt 00:02:01]} c4 {[%clk 00:06:39]} {[%emt 00:00:51]} 38.
d4 {[%clk 00:11:15]} {[%emt 00:00:55]} Qd5 {[%clk 00:05:58]} {[%emt 00:01:10]}
39. Qg2 {[%clk 00:08:59]} {[%emt 00:02:46]} Qxg2+ {[%clk 00:03:55]} {[%emt
00:02:33]} 40. Kxg2 {[%clk 00:09:26]} {[%emt 00:00:03]} R8b3 {[%clk 00:03:39]}
{[%emt 00:00:45]} 41. Ra8+ {[%clk 00:08:16]} {[%emt 00:01:40]} Kh7 {[%clk
00:02:53]} {[%emt 00:01:17]} 42. g4 {[%clk 00:06:56]} {[%emt 00:01:51]} Nh4+
{[%clk 00:02:49]} {[%emt 00:00:34]} 43. Kg3 {[%clk 00:06:55]} {[%emt 00:00:31]}
Rxc3+ {[%clk 00:03:11]} {[%emt 00:00:08]} 44. Kxh4 {[%clk 00:06:44]} {[%emt
00:00:40]} Rbxc1 {[%clk 00:03:31]} {[%emt 00:00:10]} 45. Rxc1 {[%clk 00:06:38]}
{[%emt 00:00:36]} Rxc1 {[%clk 00:03:39]} {[%emt 00:00:21]} 46. Nd2 {[%clk
00:06:34]} {[%emt 00:00:34]} Bxd4 {[%clk 00:02:36]} {[%emt 00:01:34]} 47. Rc8
{[%clk 00:04:58]} {[%emt 00:02:06]} c3 {[%clk 00:02:28]} {[%emt 00:00:38]} 48.
Nb3 {[%clk 00:02:55]} {[%emt 00:02:33]} Rh1+ {[%clk 00:01:51]} {[%emt
00:01:07]} 49. Kg3 {[%clk 00:03:20]} {[%emt 00:00:05]} Bg7 {[%clk 00:01:58]}
{[%emt 00:00:22]} 50. Kf3 {[%clk 00:01:36]} {[%emt 00:02:14]} c2 {[%clk
00:01:37]} {[%emt 00:00:52]} 51. Ke2 {[%clk 00:01:43]} {[%emt 00:00:24]} Rb1
{[%clk 00:01:53]} {[%emt 00:00:13]} 52. Rxc2 {[%clk 00:00:50]} {[%emt
00:01:23]} Rxb3 {[%clk 00:02:19]} {[%emt 00:00:03]} 53. Rc7 {[%clk 00:01:17]}
{[%emt 00:00:04]} Kg8 {[%clk 00:02:39]} {[%emt 00:00:11]} 54. Kf2 {[%clk
00:01:35]} {[%emt 00:00:11]} Bd4+ {[%clk 00:02:46]} {[%emt 00:00:24]} 55. Kg2
{[%clk 00:02:00]} {[%emt 00:00:05]} Kg7 {[%clk 00:02:44]} {[%emt 00:00:31]} 56.
Rd7 {[%clk 00:02:06]} {[%emt 00:00:24]} Be3 {[%clk 00:02:51]} {[%emt 00:00:22]}
57. Kf3 {[%clk 00:02:15]} {[%emt 00:00:22]} Bc1+ {[%clk 00:03:15]} {[%emt
00:00:06]} 0-1